01512nam a22002177a 450000500170000000800410001702000180005804100080007608200200008410000300010410000190013410000220015324500420017526000150021726000100023226000090024230000180025150509650026965000300123465000300126420241213141613.0180425b xxu||||| |||| 00| 0 spa d a9788494413933 aESP a863.992.2 G216c aGarcía Curado, Anselmo  aVelasco, Erick aMaiorano, Gabriel aCuentos y leyendas de Centroamérica aCosta Rica bEdisa c2017 a199 páginas aContiene los siguientes cuentos y leyendas: Quetzalcóatl, Popocatépetl, El enano de Uxmal, La casa de los azulejos, El Cristo de madera de la monjita Severa, La Creación del Sol y de la Luna, Popol Vuh, La Leyenda del Chocolate, Los Zipes, El Pargo Negro, El Árbol Viejo, Bueno es culantro pero no tanto, El Cristo de Esquipulas, La corriente del río Tribique, La Carreta Nagua, La Carreta Chillona, Arrechavala, El Padre sin cabeza, Las Campanas de la Catedral, El Charcurán, La tulivieja, La Tule vieja, La Mocuana, La Llorona, La Cegua, La Ciguanaba, Los Cadejos, El Cadejo, El Cipitio, La Leyenda del Quetzal, El Castellano de la Torre de Portobelo, Hoy no, mañana sí, La Leyenda de Santa Librada, Lorenzo y José dos hermanos como Caín y Abel, Las mozas de Penonomé, La india de piedra, El llanto del Corotú, Tabararé, La india Zaratí, La sirenita del Risacua, La Leyenda de El Dorado, El Sombrerón, La misión del colibrí. aCUENTOS CENTROAMERICANOS  aLEYENDAS CENTROAMERICANAS